[Event "Teplice Open 2018"]
[Site "Teplice"]
[Date "2018.06.22"]
[Round "7"]
[White "Peralta, Fernando"]
[Black "Admiraal, Miguoel"]
[Result "1/2-1/2"]
[WhiteElo "2567"]
[BlackElo "2465"]
[Annotator "TA"]
[PlyCount "118"]
[EventDate "2018.06.22"]
[EventType "swiss"]
[EventCountry "CZE"]
[SourceTitle "playchess.com"]
[Source "ChessBase"]
[SourceQuality "1"]

{[%evp 13,118,26,31,0,17,-27,-12,-31,-36,-33,-31,-50,-24,-16,-25,-65,-10,-6,-15,-18,-25,-3,-8,-8,-9,-31,0,0,36,33,37,36,34,33,40,27,37,10,8,10,7,0,0,0,0,0,0,0,8,0,0,0,0,0,6,0,0,0,0,0,15,0,0,0,0,0,0,0,0,2,0,2,21,21,21,21,21,21,21,21,21,13,23,23,29,12,12,6,17,0,12,8,12,0,0,0,0,0,0,0,0,0,0,0,0,0,0]} 1. d4 d5 2. c4 c6 3. Nf3 Nf6 4. Nc3 e6 5. Bg5 h6 6. Bxf6 Qxf6 7. e3 Nd7 {LiveBook: 1952 Games} 8. Nd2 {D43: Semi-Slav: 5 Bg5 h6} (8. Be2 g6 9. O-O Bg7 10. e4 dxc4 11. e5 Qe7 12. Bxc4 O-O 13. Qe2 b5 14. Bd3 Bb7 15. Be4 Rab8 16. Rac1 a6 17. Rfd1 Rfd8 18. a3 c5 19. Bxb7 Rxb7 20. Qe4 Rbb8 21. d5 exd5 22. Nxd5 Qe6 23. Nf4 Qe7 24. Nd5 Qe6 25. Nf4 Qe7 26. Nd5 {½-½ (26) Lenic,L (2662)-Van Wely,L (2656) chess.com INT 2018}) 8... Bb4 9. g3 $146 ({Predecessor:} 9. cxd5 exd5 10. Bd3 O-O 11. O-O Re8 12. Rc1 Nf8 13. Qa4 Qe7 {1-0 (33) Reis,L (2225)-Morais,V (2059) Lisbon 1999}) 9... e5 10. cxd5 exd4 11. exd4 O-O 12. dxc6 bxc6 13. Be2 Qxd4 14. Rc1 Ne5 (14... Nc5 $15 15. a3 Bxc3 16. Rxc3 Rb8) 15. O-O $1 $11 Bh3 16. Nf3 Qc5 {Hoping for ...Rfd8.} 17. Nxe5 $1 Qxe5 18. Re1 Rad8 19. Bd3 Qa5 20. Qf3 Be6 21. a3 Bxc3 22. Rxc3 Bd5 23. Qe3 Qb6 24. b4 Rd6 25. Bf1 Re6 26. Qxb6 axb6 27. Rxe6 fxe6 {[%mdl 4096] Endgame KRB-KRB} 28. a4 Ra8 29. Ra3 Kf7 30. f4 {[#]} e5 $1 {[%mdl 512]} 31. fxe5 Ke6 32. Kf2 Kxe5 33. Ke3 g5 34. Be2 Ra7 35. Ra1 Ra8 36. Ra3 Ra7 37. Ra1 Ra8 38. a5 c5 39. a6 cxb4 40. Ra4 b3 41. Rb4 Rc8 42. Bd3 Rc1 43. Rb5 Rc5 44. Rxb6 Ra5 45. Rxh6 b2 {[#] Strongly threatening ...Ra3.} 46. Rb6 Ra3 {White must now prevent ...Bc4.} 47. a7 Rxa7 48. Rxb2 Ra3 49. Rb5 Kd6 {The position is equal.} 50. Rb6+ Ke5 51. Rb5 Kd6 52. Rb4 Ke5 53. h4 gxh4 54. Rxh4 Be6 55. Rb4 Bf5 56. Rb5+ Ke6 57. Rxf5 Rxd3+ $1 58. Kf4 Rxg3 59. Kxg3 {Intending Kf4 and mate.} Kxf5 {Precision: White = 68%, Black = 71%.} 1/2-1/2

[Event "Teplice Open 2018"]
[Site "Teplice"]
[Date "2018.06.22"]
[Round "7"]
[White "Dastan, Muhammed Batuhan"]
[Black "Grinberg, Eyal"]
[Result "1-0"]
[WhiteElo "2538"]
[BlackElo "2472"]
[Annotator "TA"]
[PlyCount "81"]
[EventDate "2018.06.22"]
[EventType "swiss"]
[EventCountry "CZE"]
[SourceTitle "playchess.com"]
[Source "ChessBase"]
[SourceQuality "1"]

{[%evp 18,81,39,31,35,33,66,41,44,0,0,15,20,0,26,15,20,16,19,18,11,-17,-16,-25,-17,-25,87,87,83,86,107,111,239,240,366,370,546,545,538,525,517,484,878,881,880,870,859,871,1141,1159,1139,1134,1107,1097,1020,982,933,734,1539,1488,1454,1414,1711,1661,2083,1856]} 1. e4 c5 2. Nf3 d6 3. Bb5+ Nd7 4. O-O Ngf6 5. Re1 a6 6. Bd3 {B51: Sicilian: Moscow Variation (3 Bb5+) without 3...Bd7} e5 (6... b5 7. c3 Bb7 8. Bc2 c4 9. a4 e6 10. axb5 axb5 11. Rxa8 Qxa8 12. Na3 Bxe4 13. Bxe4 Nxe4 {½-½ (35) Mamedov,R (2704)-Karjakin,S (2778) Shamkir 2018}) 7. c3 Be7 8. a4 O-O 9. Bc2 b6 10. d4 {LiveBook: 5 Games} Bb7 11. d5 b5 12. Na3 Ne8 13. b4 $146 c4 14. g4 Nc7 15. Be3 g6 16. Bh6 Re8 17. Qd2 Bf8 18. Bg5 Be7 19. Be3 Nf6 $1 {...Qd7 is the strong threat.} 20. h3 h5 21. g5 Nh7 (21... Nfxd5 $1 $11 {keeps the balance.} 22. exd5 Qc8) 22. Kh2 $16 Kh8 23. Rg1 $36 {[%mdl 2048] White is in control.} Rg8 24. Nh4 Qe8 (24... Bf8 $16 {is a better defense.}) 25. f4 $18 {[%cal Bf2f4,Bf4f5][%mdl 32]} f6 (25... Bc8 $142 26. f5 Bd8) 26. f5 Nxg5 (26... fxg5 {was worth a try.} 27. Nxg6+ Rxg6) 27. Bxg5 {White is clearly winning.} fxg5 28. Rxg5 Bxg5 29. Qxg5 {[%cal Rg5h6]} Kh7 (29... Qf7 $142 30. Nxg6+ Rxg6 31. fxg6 (31. Qxh5+ Kg7 $16) 31... Qf4+ 32. Qxf4 exf4) 30. fxg6+ Rxg6 31. Qxh5+ ({Weaker is} 31. Qxg6+ Qxg6 32. Nxg6 Kxg6 $14) 31... Rh6 32. Qf5+ Kh8 33. Rg1 {[%cal Ba1g1,Bg1g3,Bg3g2][%mdl 32]} Bc8 34. Qg5 {[%cal Rg5h6]} Qf8 {[#]} 35. Ng6+ $1 Rxg6 36. Qxg6 {Intending Qh5+ and mate.} Qf4+ 37. Rg3 {[%csl Gg3][%cal Rg6g8]} Qf2+ 38. Rg2 {[%cal Rg6h6]} Qf4+ {[#]} 39. Kg1 $1 {[%csl Gg2][%cal Rg6g8]} Qc1+ {[#]} 40. Bd1 $1 {[%csl Gg2][%cal Rg6g8][%mdl 512]} Qe3+ (40... Qxd1+ 41. Kh2) 41. Kh1 {Precision: White = 83%, Black = 45%.} 1-0

[Event "Teplice Open 2018"]
[Site "Teplice"]
[Date "2018.06.22"]
[Round "7"]
[White "Krysa, Leandro"]
[Black "Von Bahr, Oskar"]
[Result "1-0"]
[WhiteElo "2529"]
[BlackElo "2431"]
[Annotator "TA"]
[PlyCount "122"]
[EventDate "2018.06.22"]
[EventType "swiss"]
[EventCountry "CZE"]
[SourceTitle "playchess.com"]
[Source "ChessBase"]
[SourceQuality "1"]

{[%evp 22,122,49,31,39,23,26,33,36,-4,0,5,24,0,0,0,8,0,36,18,41,47,89,64,35,-115,320,329,463,463,463,463,513,548,545,534,477,0,0,0,317,318,313,325,319,318,317,311,311,296,304,304,301,300,304,304,303,302,298,297,287,271,388,338,420,386,519,522,519,519,520,518,517,510,498,496,558,558,529,530,562,562,558,502,558,558,547,512,949,937,935,908,893,879,879,864,864,857,825,774,995,956,680]} 1. d4 Nf6 2. c4 g6 3. Nf3 Bg7 4. e3 O-O 5. Be2 d6 6. Nc3 Nbd7 7. O-O e5 8. b4 Re8 9. a4 e4 10. Nd2 Nf8 11. b5 {E61: King's Indian: Early deviations for White, including Smyslov System} h5 12. a5 {LiveBook: 4 Games} a6 13. bxa6 {White is slightly better.} bxa6 14. Ba3 h4 $146 ({Predecessor:} 14... N8h7 15. Rb1 Bf5 16. Rb7 Bc8 17. Rb2 Bf5 18. Qa4 Bd7 {1-0 (87) Markowski,T (2576)-Kolago,M (2342) Gorzow Wielkopolski 2014}) 15. Qc2 {[%cal Rd2e4]} Bf5 16. Rfc1 N8h7 17. Qd1 h3 18. g3 Ng5 19. Rab1 Ra7 20. c5 $36 {[%mdl 2048] White fights for an advantage.} d5 21. c6 Qc8 22. Na4 Bg4 23. Rb7 (23. Nb6 $14 {stays ahead.} Qf5 24. Nxd5 $1 {[%mdl 512]} Bxe2 25. Nxf6+ Bxf6 26. Qxe2) 23... Ra8 $2 {[%mdl 8192] [#]} (23... Bxe2 $17 24. Qxe2 Rxb7 25. cxb7 Qxb7) 24. Bd6 $1 $18 {[%mdl 512]} cxd6 (24... Bf8 $142) 25. Nb6 Qf5 26. Nxa8 Rxa8 {[#]} 27. c7 $1 Rc8 28. Rb8 Kh7 29. Kf1 $2 (29. Bxg4 $18 Nxg4 30. Qe2) 29... Bxe2+ $1 $11 30. Qxe2 {Rxc8 is the strong threat.} Qd7 $2 {[%mdl 8192] [#]} (30... Ne8 $1 $11 {and Black stays safe.} 31. Rxc8 (31. Qxa6 Rxc7 32. Rxc7 Nxc7 $15) 31... Qxc8) 31. Rxc8 $1 $18 Qxc8 32. Rc6 $1 {[%csl LRa6,LRd6]} Ne8 33. Qxa6 Qxa6+ 34. Rxa6 Nxc7 35. Rb6 ({But not} 35. Rxd6 Bf8 $18) 35... Bf8 36. a6 Nxa6 37. Rxa6 {[%mdl 4096] Endgame KRN-KBN} Kg7 38. Ra5 f5 39. Rxd5 Kf6 40. Ra5 Ke6 41. Ke2 d5 (41... Be7 $142 42. Ra7 Bd8 43. d5+ Kf6) 42. Ra7 Bd6 43. Nb3 Nf3 44. Nc5+ {White is clearly winning.} Kf6 45. Ra6 Ke7 46. Nb7 Bb4 47. Rb6 Ba3 48. Rxg6 Nxh2 49. Rh6 Nf3 50. Kf1 h2 51. Kg2 Bb4 52. Nc5 Be1 53. Na4 Ba5 54. Nb6 Bxb6 (54... Kf7 $142 55. Nxd5 Be1) 55. Rxb6 {KR-KN} Ne1+ 56. Kxh2 Nd3 57. Kg2 Ne1+ 58. Kf1 Nf3 59. Rg6 Nh2+ 60. Ke2 Nf3 61. g4 fxg4 {Precision: White = 63%, Black = 38%.} 1-0

[Event "Teplice Open 2018"]
[Site "Teplice"]
[Date "2018.06.22"]
[Round "7"]
[White "Thybo, Jesper Sondergaard"]
[Black "Demchenko, Anton"]
[Result "0-1"]
[WhiteElo "2502"]
[BlackElo "2670"]
[Annotator "TA"]
[PlyCount "80"]
[EventDate "2018.06.22"]
[EventType "swiss"]
[EventCountry "CZE"]
[SourceTitle "playchess.com"]
[Source "ChessBase"]
[SourceQuality "1"]

{[%evp 20,80,11,5,5,0,15,0,0,-9,0,-9,0,-37,-23,-27,-14,-67,-78,-81,-79,-110,-107,-128,-125,-164,-178,-162,-167,-143,-135,-278,-170,-141,-146,-169,-88,-209,-114,-147,-158,-138,-139,-387,-393,-375,-393,-385,-403,-397,-393,-368,-383,-395,-363,-362,-357,-517,-506,-494,-502,-493,-479]} 1. d4 Nf6 2. c4 g6 3. Nf3 Bg7 4. g3 O-O 5. Bg2 d6 6. O-O Nc6 7. Nc3 a6 8. h3 Bf5 {E63: King's Indian: Fianchetto: Panno Variation with 7...a6} (8... Rb8 9. e4 b5 10. d5 b4 11. Ne2 Na5 12. Qc2 c6 13. Nfd4 cxd5 14. exd5 Qc7 15. b3 e5 16. dxe6 fxe6 17. a3 bxa3 {1-0 (45) Aronian,L (2812)-Nakamura,H (2789) Zuerich 2014 CBM 159 [Krasenkow,M]}) 9. d5 Na5 10. Nd4 Bd7 11. b3 {LiveBook: 6 Games} Rb8 12. e4 Qc8 13. Kh2 b5 14. cxb5 $146 ({Predecessor:} 14. Qd3 bxc4 15. bxc4 Rb4 16. Rb1 Rxc4 {½-½ (73) Dedina,M (2307)-Ciciotti,A (2395) ICCF email 2012}) 14... axb5 15. Be3 b4 16. Nce2 e5 17. Nc2 c5 18. dxc6 (18. Nc1 $11) 18... Bxc6 $15 ({Don't play} 18... Qxc6 $6 19. Bd2 $11) 19. f3 {[#]} d5 $1 20. exd5 Nxd5 21. Bd2 Bb5 {Threatens to win with ...Rd8.} 22. Rc1 Qa6 23. Rf2 Rfd8 24. Qe1 Nc6 25. Ra1 (25. Ng1 $17) 25... Bd3 26. Ne3 Nde7 $36 {[%mdl 2048] White is under strong pressure.} 27. Rd1 h5 (27... Qxa2 $19 {And now ...Bxe2 would win.} 28. Nc1 Qa7 29. Nxd3 Rxd3) 28. h4 (28. Nc1 $17 Bb1 29. Qf1 Qxf1 30. Rdxf1) 28... Bb5 ({Better is} 28... Qxa2 $19 {Strongly threatening ...Bxe2.} 29. Nc1 Qa7 30. Nxd3 Rxd3) 29. Nc1 Qa7 30. Bf1 Bxf1 31. Qxf1 $2 {[#]} (31. Rxf1 $17 {is a better defense.} Rb5 32. Kg2) 31... Rxd2 $1 $19 {[%mdl 512]} 32. Rfxd2 (32. Rdxd2 Qxe3) 32... Qxe3 33. Qf2 Nf5 34. Qxe3 Nxe3 35. Re1 Nf5 36. Ne2 Ncd4 37. Nxd4 exd4 ({But not} 37... Nxd4 38. Kg2 $19) 38. Rc1 (38. g4 {was worth a try.} Ne3 39. Kg3) 38... Bh6 {Black is clearly winning.} 39. f4 Re8 40. Rc4 {[#]} Nxh4 $1 {[%mdl 512] Precision: White = 31%, Black = 76%.} 0-1

[Event "Teplice Open 2018"]
[Site "Teplice"]
[Date "2018.06.22"]
[Round "7"]
[White "Zanan, Evgeny"]
[Black "Naboka, Sergey"]
[Result "1-0"]
[WhiteElo "2497"]
[BlackElo "2341"]
[Annotator "TA"]
[PlyCount "70"]
[EventDate "2018.06.22"]
[EventType "swiss"]
[EventCountry "CZE"]
[SourceTitle "playchess.com"]
[Source "ChessBase"]
[SourceQuality "1"]

{[%evp 26,70,40,17,41,42,49,45,48,47,62,51,83,-50,-40,-68,15,-28,-22,-20,0,0,114,0,50,-96,49,59,120,87,320,310,327,308,264,255,440,162,448,435,2102,2042,29982,6183,29987,29988,29988]} 1. d4 Nf6 2. c4 g6 3. Nc3 Bg7 4. e4 d6 5. f3 O-O 6. Be3 c5 7. Nge2 Nc6 8. d5 Ne5 9. Ng3 e6 10. Be2 exd5 11. cxd5 a6 12. a4 Bd7 13. O-O {A65: Modern Benoni: 6 e4} (13. h3 b5 14. f4 Nc4 15. Bxc4 bxc4 16. O-O Rb8 17. e5 Ne8 18. Qe2 dxe5 19. Bxc5 exf4 20. Bxf8 Qb6+ {1-0 (45) Goganov,A (2643)-Kovalev,V (2603) Khanty-Mansiysk 2016}) 13... b5 14. h3 {[%cal Ra4b5] LiveBook: 49 Games} Qe7 15. f4 {White is slightly better.} Nc4 16. Bxc4 $1 bxc4 17. Qd2 $146 ({Predecessor:} 17. Qf3 Rfe8 18. e5 dxe5 19. fxe5 Qxe5 20. Bxc5 Rac8 {½-½ (32) Stepanov,K (2356)-Vaclav,J (2438) ICCF email 2012}) 17... Rab8 {[%cal Ba8b8,Bb8b3,Bb3d3][%mdl 32]} 18. Rae1 Rfe8 19. Kh1 {[#]} ({Better is} 19. Qf2 $16) 19... Ng4 $1 $15 {[%mdl 512]} 20. e5 (20. hxg4 Qh4+) 20... Qh4 (20... Nxe3 $15 21. Rxe3 dxe5) 21. Nce4 Rb3 {White must now prevent ...Rd3.} 22. Nxd6 Rd3 23. Qc1 {Hoping for Nge4.} Rb8 (23... Qxg3 $11 {remains equal.} 24. hxg4 Rb8) 24. Rf3 (24. Nge4 $16 Rbb3 25. Nxc4 Rxd5 26. Kg1 Nxe3 27. Nxe3 (27. Rxe3 Rb4 $16) 27... Rxe5 28. fxe5 (28. Nxc5 Rxc5 29. Qxc5 Rxb2 $16) 28... Qxe4 29. Nf5 (29. Qxc5 Qxe5 30. Qxe5 Bxe5 $16) 29... Qxa4 30. Ne7+ Kh8 31. Rd1 (31. Rxf7 Qd4+ 32. Rf2 Rd3 $16) (31. Qxc5 Be6 $16)) 24... Rxd5 25. Qxc4 (25. Bd2 $14) 25... Bc6 (25... Nxe3 $17 26. Rfxe3 (26. Rexe3 $2 Bxh3 27. Kg1 Rxb2 $19) 26... Be6) 26. Nde4 $14 Rb4 ({Black should try} 26... Nxe3 $14 27. Rfxe3 Rxb2 28. Qxa6 Bb7) 27. Qxa6 $16 Rxe4 $2 (27... Bb7 $16 28. Qf1 Nxe3 29. Rfxe3 Rxb2) 28. Qxc6 $18 Rxe3 29. Rfxe3 Nxe3 30. Rxe3 ({Much less strong is} 30. e6 $6 Qe7 $16) 30... Qxf4 $2 {[#]} (30... Rd1+ {is a better defense.} 31. Kh2 Bf8) 31. Qe8+ $1 $40 {[%mdl 128] White attacks with force.} ({Weaker is} 31. Qxd5 Qxe3 32. Qa8+ Bf8 $11) 31... Bf8 32. Rf3 Rd1+ (32... Rxe5 $142 33. Qxf8+ (33. Rxf4 Rxe8 34. Ne4 Rb8 $15) 33... Kxf8 34. Rxf4 f5) 33. Kh2 Qc4 {[#]} 34. Nf5 $1 {[%mdl 512] White threatens Nh6+ and mate.} Rd2 (34... gxf5 35. Rg3+) 35. Nh6+ Kg7 {Precision: White = 56%, Black = 23%.} 1-0

[Event "Teplice Open 2018"]
[Site "Teplice"]
[Date "2018.06.22"]
[Round "7"]
[White "Kozak, Adam"]
[Black "Repka, Christopher"]
[Result "1/2-1/2"]
[WhiteElo "2450"]
[BlackElo "2534"]
[Annotator "TA RC"]
[PlyCount "119"]
[EventDate "2018.06.22"]
[EventType "swiss"]
[EventCountry "CZE"]
[SourceTitle "playchess.com"]
[Source "ChessBase"]
[SourceQuality "1"]

{[%evp 17,119,-3,-3,-7,0,0,0,-13,0,-16,0,-37,0,-5,0,-18,0,-9,-9,-19,0,-10,88,-8,0,-145,-157,-139,-113,-104,-94,-80,-56,-50,-43,-66,-74,-61,-41,-125,-120,-120,-77,-72,-60,-69,-69,-62,-63,-113,-9,-1,0,-127,-129,-137,-131,-123,-9,-11,-9,-9,-7,-9,-9,-10,-9,-10,-10,-10,-7,-7,-7,-14,-22,-35,-4,-8,-8,-13,-14,-591,-584,-621,-621,-581,-581,-581,-581,-581,-581,-611,-572,-445,1414,0,0,0,0,0,0,0,0,0]} 1. Nf3 e6 2. g3 b5 3. Bg2 Bb7 4. O-O c5 5. c3 Nf6 6. a4 b4 {A05: Übergänge in verschiedene Eröffnungen} 7. cxb4 cxb4 8. d4 Be7 9. Nbd2 O-O {LiveBook: 10 Partien} 10. Re1 (10. a5 d5 11. Nb3 Ba6 12. Ne5 Nfd7 13. Be3 Nxe5 14. dxe5 Nc6 15. f4 {0-1 (92) Kravtsiv,M (2621)-Moiseenko,A (2692) Berlin 2015}) 10... d5 11. Nb3 Nbd7 12. a5 Rc8 $146 ({Vorgänger:} 12... Ba6 13. Bg5 Rc8 14. Nfd2 h6 15. Bxf6 Nxf6 {0-1 (60) Solnicki,M (2141)-Socko,M (2467) Warsaw 2012}) 13. Bf4 Ne4 14. Nfd2 Ndf6 15. Nxe4 dxe4 16. a6 Bd5 17. Nc5 Qb6 18. Bg5 Rfd8 19. e3 e5 (19... Bxc5 $11 20. dxc5 Rxc5 21. Bxf6 gxf6) 20. Bxf6 (20. Nxe4 $1 $16 Bxe4 21. Bxe4) 20... Bxf6 21. Qg4 (21. Nb7 $11 {bleibt in der Remisbreite.}) 21... exd4 $17 22. Nd7 Qd6 23. Nxf6+ Qxf6 24. Bxe4 Be6 (24... h5 {is more complex.} 25. Qf5 Bxe4 26. Qxe4 d3 27. Qxb4 Rc2) 25. Qe2 g6 26. exd4 Rxd4 27. Qe3 b3 28. Rab1 (28. h4 $15) 28... Kg7 $1 29. h4 Rcc4 30. Bd3 Rc6 {[%cal Bc4c6,Bc6d6,Bd6b6][%mdl 32]} 31. Rbc1 Rcd6 32. Rc3 h5 33. Rf1 Bh3 (33... Bd5 $17 34. f3 Rd8) 34. Rfc1 $1 $11 Be6 (34... Qe6 $11 35. Bc4 Qxe3 36. Rxe3 Rc6) 35. Rf1 $1 $17 Bd5 36. Bb5 Rb6 37. Rc5 Be4 ({Günstiger ist} 37... Be6 $1 $17 38. Re1 Rd5 39. Rxd5 Bxd5) 38. Qc3 $11 Rd5 39. Qxf6+ Kxf6 40. Rc6+ Rd6 41. Rxd6+ Rxd6 {[%mdl 4096] Endspiel KTL-KTL} 42. Bc4 Bc2 {Und weiter mit ...Tc6 wäre nett.} 43. Ra1 $1 Rd4 44. Be2 $1 Bf5 45. Rd1 Ra4 {Weiss muss nun ...Ta2 beachten.} 46. Bd3 Ra2 47. Bxf5 Kxf5 {KT-KT} 48. Rd7 Ke4 ({Bitte nicht} 48... Rxa6 $6 49. Rxf7+ Ke4 50. Rb7 $16) 49. Rxa7 $2 {[%mdl 8192]} (49. Kg2 $11) 49... Kd3 $1 $19 50. Rc7 Rxb2 51. Rd7+ Kc4 52. Rc7+ Kb5 53. a7 Ra2 54. Rxf7 Ra5 55. Rb7+ Ka4 $4 {[%mdl 8192] [#]} (55... Kc4 $19 56. g4 hxg4) 56. Kf1 $2 (56. f4 $1 $18 Ka3 {[#]} 57. g4 $1 {[%mdl 512]}) 56... Ka3 $11 {Die Stellung ist ausgeglichen.} 57. Ke2 Ka2 58. Kd2 {zielt auf Kc3 ab.} b2 59. Kc2 Rc5+ $1 60. Kd2 $1 {Precision: Weiß = 56%, Schwarz = 55%.} 1/2-1/2

[Event "Teplice Open 2018"]
[Site "Teplice"]
[Date "2018.06.22"]
[Round "7"]
[White "Ikeda, Junta"]
[Black "Movsziszian, Karen"]
[Result "1-0"]
[WhiteElo "2420"]
[BlackElo "2527"]
[Annotator "TA"]
[PlyCount "32"]
[EventDate "2018.06.22"]
[EventType "swiss"]
[EventCountry "CZE"]
[SourceTitle "playchess.com"]
[Source "ChessBase"]
[SourceQuality "1"]

{[%evp 9,10,13,36]} 1. d4 Nf6 2. Nf3 g6 3. g3 Bg7 4. Bg2 O-O 5. O-O d6 {Predecessor:} 6. b3 $146 c6 7. Bb2 Nbd7 8. Re1 Qc7 9. e4 e5 10. Nbd2 b5 11. c4 a6 12. Qc2 Bb7 13. c5 dxc5 14. dxe5 Ng4 15. e6 Bxb2 16. Qxb2 fxe6 {1-0 (51) Sargissian,G (2677)-Yu,Y (2760) chess.com INT 2018} 1-0

[Event "Teplice Open 2018"]
[Site "Teplice"]
[Date "2018.06.22"]
[Round "7"]
[White "Menezes, Christoph"]
[Black "Erdos, Viktor"]
[Result "1/2-1/2"]
[WhiteElo "2404"]
[BlackElo "2620"]
[Annotator "TA"]
[PlyCount "56"]
[EventDate "2018.06.22"]
[EventType "swiss"]
[EventCountry "CZE"]
[SourceTitle "playchess.com"]
[Source "ChessBase"]
[SourceQuality "1"]

{[%evp 23,56,56,59,50,41,39,58,27,44,12,12,9,10,0,7,0,1,8,7,0,0,0,8,0,0,-8,-8,-16,0,-2,0,-17,0,0,0]} 1. Nf3 d5 2. d4 c6 3. c4 e6 4. e3 Bd6 5. Bd3 f5 6. O-O Nf6 7. b3 Qe7 8. Bb2 O-O 9. Nc3 {[%cal Bb1c3,Bc3e2,Be2d4][%mdl 32] A84: Dutch Defence: 2 c4 Miscellaneous} (9. Ne5 Bd7 10. Nd2 Be8 11. f3 Bh5 12. Qe1 Nbd7 13. Kh1 Rad8 14. Nxd7 Nxd7 15. e4 dxe4 16. fxe4 f4 {1-0 (43) Bu,X (2710)-Wei,Y (2734) Zaozhuang 2015}) 9... Ne4 10. Ne2 Nd7 11. Ne5 Nxe5 12. dxe5 Bc5 {LiveBook: 4 Games} 13. Qc2 Bd7 14. Nd4 $146 ({Predecessor:} 14. Rac1 Rac8 15. Nd4 a6 16. f3 Ng5 {½-½ (57) Shumilov,I (2208)-Panchenko,A (2327) Kiev 2008}) 14... Rfc8 15. Rac1 (15. f3 $5 {[%cal Rf3e4]}) 15... a5 16. a4 Bb4 {The position is equal.} 17. f3 Nc5 18. cxd5 cxd5 19. Qe2 Nxd3 20. Qxd3 Qe8 21. Bc3 Bc5 22. Qd2 Bb6 23. f4 h6 24. Bb2 Bc5 25. Bc3 Bb6 26. Bb2 Bc5 27. Bc3 Bb6 28. Bb2 Bc5 {Precision: White = 29%, Black = 50%.} 1/2-1/2

[Event "Teplice Open 2018"]
[Site "Teplice"]
[Date "2018.06.22"]
[Round "7"]
[White "Grela, Kacper"]
[Black "Rodshtein, Maxim"]
[Result "1/2-1/2"]
[WhiteElo "2342"]
[BlackElo "2688"]
[Annotator "TA"]
[PlyCount "68"]
[EventDate "2018.06.22"]
[EventType "swiss"]
[EventCountry "CZE"]
[SourceTitle "playchess.com"]
[Source "ChessBase"]
[SourceQuality "1"]

{[%evp 19,68,12,23,21,22,9,22,6,6,-13,-11,-9,-11,-23,-21,-24,-21,-85,-85,-129,-99,-133,-126,-172,-108,-100,-96,-100,-87,-102,-105,-113,-104,-145,-79,-102,-27,-58,0,0,-16,-16,0,0,8,8,8,8,8,6,21]} 1. e4 e5 2. Nf3 Nc6 3. Bb5 a6 4. Ba4 Nf6 5. O-O Be7 6. d3 d6 7. c4 O-O {C84: Closed Ruy Lopez: Unusual White 6th moves} 8. h3 Nd4 9. Nxd4 exd4 10. Nd2 Nd7 {LiveBook: 4 Games} 11. b4 c6 $146 ({Predecessor:} 11... c5 12. a3 Rb8 13. Rb1 b5 {1-0 (45) Najer,E (2641)-Swiercz,D (2627) Czechia 2013}) 12. Nf3 Bf6 13. Bf4 Ne5 14. Nxe5 dxe5 15. Bd2 Bg5 16. f4 Bxf4 17. Bxf4 exf4 18. Qh5 (18. Rxf4 $11 Be6 19. Rf3) 18... Be6 $17 19. c5 Qc7 20. a3 a5 21. Rab1 f5 (21... axb4 $19 22. Rxb4 f5) 22. Qf3 axb4 23. Rxb4 Qe5 24. Qxf4 Qxc5 {Strongly threatening ...fxe4.} 25. Rc1 Qe7 {White must now prevent ...c5.} 26. Qe5 Rfe8 ({Black should play} 26... Rae8 $1 {Threatens to win with ...Qg5.} 27. Qxd4 fxe4 28. dxe4 Bxh3 $1 {[%mdl 512]} 29. Bb3+ Kh8) 27. Qxd4 {[#]} Qg5 (27... fxe4 $1 $17 {aiming for ...b5.} 28. dxe4 b5) 28. Rc5 Rad8 (28... Red8 $15 29. Qe5 Kh8) 29. Qf2 $11 {The position is equal.} Rxd3 30. exf5 Bf7 {Hoping for ...Rxh3.} 31. f6 Qxf6 ({Don't play} 31... Re1+ $6 32. Kh2 $16) 32. Qxf6 gxf6 33. Rxb7 Rxa3 34. Bxc6 Re5 {Precision: White = 42%, Black = 59%.} 1/2-1/2